| 000 | 00805cam a22002533a 4500 | ||
|---|---|---|---|
| 001 | 18872 | ||
| 003 | PGUSA | ||
| 005 | 20140828083412.0 | ||
| 008 | 060719s2006||||xxu|||||s|||||000 | eng d | ||
| 040 |
_aPGUSA _beng |
||
| 042 | _adc | ||
| 050 | 4 | _aPZ | |
| 100 | 1 |
_aHousman, Laurence, _d1865-1959 |
|
| 245 | 1 | 4 |
_aThe Field of Clover _h[electronic resource] / _cLaurence Housman |
| 260 |
_bProject Gutenberg, _c2006 |
||
| 505 | 0 | _aThe bound princess -- The crown's warranty -- The wishing-pot -- The feeding of the emigrants -- The passionate puppets. | |
| 506 | _aPublic domain in the USA. | ||
| 516 | _aElectronic text | ||
| 653 | _aFairy tales | ||
| 700 | 1 |
_aHousman, Clemence, _d1861-1955 |
|
| 830 | 0 |
_aProject Gutenberg _v18872 |
|
| 856 | 4 | 0 | _uhttp://www.gutenberg.org/ebooks/18872 |
| 942 | _cEB | ||
| 999 |
_c248127 _d248127 |
||